The supply response of palm oil industry in Malaysia /
Saved in:
| Main Author: | |
|---|---|
| Format: | Thesis Book |
| Language: | English |
| Published: |
1996.
|
| Subjects: | |
| Tags: |
Add Tag
No Tags, Be the first to tag this record!
|
| LEADER | 01028cam a2200265 a 4500 | ||
|---|---|---|---|
| 001 | u399806 | ||
| 003 | SIRSI | ||
| 008 | 920121s1996 my t 00 1 eng m | ||
| 035 | |a ACA-7439 | ||
| 040 | |a UMM | ||
| 043 | |a a-my--- | ||
| 090 | |a HD9490.5 |b P34M4Cho | ||
| 091 | |a Microfiche 12909 | ||
| 100 | 1 | 0 | |a Choong, Pai Wei. |
| 245 | 1 | 4 | |a The supply response of palm oil industry in Malaysia / |c Choong Pai Wei. |
| 260 | |c 1996. | ||
| 300 | |a vi, 77 leaves [append.] ; |c 29 cm. | ||
| 500 | |a Also available on microfiche. Kuala Lumpur : Perpustakaan Universiti Malaya, 1997. 1 fiche : negative ; 11x15 cm. | ||
| 502 | |a Dissertation (M.Ec.) -- Fakulti Ekonomi dan Pentadbiran, Universiti Malaya, 1996. | ||
| 504 | |a Bibliography: leaves 53-57. | ||
| 650 | 0 | |a Palm oil industry |x Economic aspects |z Malaysia. | |
| 710 | 2 | 0 | |a Universiti Malaya. |b Fakulti Ekonomi dan Pentadbiran. |
| 948 | |a 23/07/1996 |b 30/05/2002 | ||
| 596 | |a 1 | ||
| 999 | |a HD9490.5 P34M4CHO |w LC |c 1 |i A506441309 |d 11/9/2009 |e 8/9/2009 |l STACKS |m P01UTAMA |n 4 |r Y |s Y |t TESIS |u 21/11/1996 | ||
